Word Scramble - The Solar System - Statistics

General Stats
  • This quiz has been taken 1,602 times
  • The average score is 12 of 30
Answer Stats
Scrambled Answer % Correct
USN Sun
100%
RASM Mars
97%
LUPOT Pluto
97%
NUESV Venus
96%
TRUIEJP Jupiter
95%
ATHER Earth
90%
RANTSU Saturn
90%
TAINT Titan
42%
DUPCI Cupid
41%
NOUJ Juno
40%
ROSE Eros
37%
HEAR Rhea
34%
AMYNDGEE Ganymede
33%
CREES Ceres
32%
BHOOPS Phobos
30%
ARCHON Charon
29%
OAPURE Europa
21%
STAVE Vesta
21%
TOLILACS Callisto
19%
SLAPAL Pallas
18%
SMAIM Mimas
15%
IAVADD Davida
14%
ANADRIM Miranda
14%
OIEND Dione
13%
RENOOB Oberon
13%
THESTY Tethys
11%
RAILE Ariel
9%
UTAPESI Iapetus
8%
IHAEGY Hygiea
5%
GRAPAS Gaspra
4%
No matching quizzes found
Score Distribution
Percent of People with Each Score
Percentile by Number Answered
Your Score History
You have not taken this quiz